书目信息 |
| 题名: |
论人性
|
|
| 作者: | 张宽政 著 | |
| 分册: | ||
| 出版信息: | 北京 中国书籍出版社 2017 |
|
| 页数: | 215页 | |
| 开本: | 24cm | |
| 丛书名: | ||
| 单 册: | ||
| 中图分类: | B038 | |
| 科图分类: | ||
| 主题词: | 人性--研究 | |
| 电子资源: | ||
| ISBN: | 978-7-5068-5593-8 | |
| 000 | 00871nam0 2200229 450 | |
| 001 | 1868 | |
| 005 | 20180522151540.05 | |
| 010 | @a978-7-5068-5593-8@b精装@dCNY68.00 | |
| 100 | @a20170427d2017 em y0chiy50 ea | |
| 101 | 0 | @achi |
| 102 | @aCN@b110000 | |
| 105 | @ay z 000yy | |
| 200 | 1 | @a论人性@9lun ren xing@e善恶并存 以善为主@f张宽政著 |
| 210 | @a北京@c中国书籍出版社@d2017 | |
| 215 | @a215页@d24cm | |
| 314 | @a张宽政,男,湖南望城人,现为湖南工业大学教授。著有《资源·经济·制度》。 | |
| 330 | @a本书是湖南工业大学张宽政教授的一本学术专著,研究讨论了正确认识人性和树立人之标准的问题。本书提出了科学认识人性当以人与动物的区别为基点。本书认为,作为人的本质的“一切社会关系总和”既是人性善恶并存的“种子”。 | |
| 606 | 0 | @a人性@x研究 |
| 690 | @aB038@v5 | |
| 701 | 0 | @a张宽政@9zhang kuan zheng@4著 |
| 801 | 0 | @aCN@b91MARC@c20170427 |
| 905 | @aMuseLib@dB038@e46 | |
| 论人性:善恶并存 以善为主/张宽政著.-北京:中国书籍出版社,2017 |
| 215页;24cm |
| ISBN 978-7-5068-5593-8(精装):CNY68.00 |
| 本书是湖南工业大学张宽政教授的一本学术专著,研究讨论了正确认识人性和树立人之标准的问题。本书提出了科学认识人性当以人与动物的区别为基点。本书认为,作为人的本质的“一切社会关系总和”既是人性善恶并存的“种子”。 |
| ● |
| 相关链接 |
|
|
|
|
正题名:论人性
索取号:B038/46
 
预约/预借
| 序号 | 登录号 | 条形码 | 馆藏地/架位号 | 状态 | 备注 |
| 1 | 1107007 | 211070071 | 第一样本阅览室/ [索取号:B038/46] | 在馆 | |
| 2 | 1107008 | 211070080 | 教育系资料室/ [索取号:B038/46] | 在馆 | |
| 3 | 1107009 | 211070099 | 教育系资料室/ [索取号:B038/46] | 在馆 | |
| 4 | 1107010 | 211070106 | 第一借阅区/ [索取号:B038/46] | 在馆 |